Progress in logistics

Salvato in:
Dettagli Bibliografici
Autore principale: Christopher, Martin (Autore)
Natura: Libro
Lingua:inglese
Pubblicazione: Yorkshire del Oeste MCB 1987
Soggetti:
Tags: Aggiungi Tag
Nessun Tag, puoi essere il primo ad aggiungerne!!

MARC

LEADER 00000nam a2200000 a 4500
001 UCV4581
003 CL-VaPUC
008 890327e19870000UK |||||||||||||||||eng|d
082 0 4 |a 658  |b CHR  |2 21 
100 0 |a Christopher, Martin  |e author  |9 298780 
245 1 0 |a Progress in logistics 
300 |a 104 p 
942 |c BK 
945 |d 19890327 00:00:00 
260 |a Yorkshire del Oeste  |b MCB  |c 1987 
650 0 |a Administración  |9 259325 
650 7 |a PLANIFICACION  |2 CL-VaPUC  |9 260802 
583 |a last modification  |c 20120515 12:20:36  |k Rodrigo Vera 
999 |c 211327  |d 211325 
952 |0 0  |1 0  |4 0  |6 658_000000000000000_CHR_1987  |7 0  |8 A  |9 190324  |a BIBING  |b BIBING  |d 2019-11-14  |i 2580853  |o 658 CHR 1987  |p 2580853  |r 2025-01-20  |w 2019-11-14  |y BK  |k TRA